000 00690cam a22002413a 4500
001 6720
003 PGUSA
005 20140828083136.0
008 041001s2004||||xxu|||||s|||||000 | eng d
040 _aPGUSA
_beng
042 _adc
050 4 _aBX
100 1 _aSmith, Joseph,
_cJr,
_d1805-1844
245 1 4 _aThe Wentworth Letter
_h[electronic resource] /
_cJoseph, Smith
260 _bProject Gutenberg,
_c2004
506 _aPublic domain in the USA.
516 _aElectronic text
653 _aMormon Church -- History -- 19th century
653 _aMormon Church -- Doctrines
830 0 _aProject Gutenberg
_v6720
856 4 0 _uhttp://www.gutenberg.org/ebooks/6720
942 _cEB
999 _c236040
_d236040